00406nam a2200121Ia 4500008004100000082001500041100001900056245003700075260004000112300001000152630001800162650010400180211109s9999||||xx |||||||||||||| ||und|| a937bGIB-C aGibbon, Edward 0aChristianity and Decline of Rome bJ.M.Dent & Sons LtdaMisplacec1962 a512p. xGeneral Stack aRome (Empire)v Italy & adjacent territories to 476 History of ancient world to ca. 499 xGeneralia